[Event "UZB-ch Women 2020"]
[Site "Tashkent"]
[Date "2020.03.14"]
[Round "1.1"]
[White "Baymuratova, Sevara"]
[Black "Kurbonboeva, Sarvinoz"]
[Result "1/2-1/2"]
[WhiteElo "2153"]
[BlackElo "2234"]
[Annotator "TA"]
[PlyCount "44"]
[EventDate "2020.03.11"]
[EventType "tourn"]
[EventCountry "UZB"]
[SourceTitle "playchess.com"]
[Source "ChessBase"]
[SourceQuality "1"]

{[%evp 16,44,35,0,44,37,28,16,18,7,23,0,0,-46,8,5,15,-16,-16,-23,-15,-29,0,0,-8,0,0,-35,0,0,21]} 1. d4 d5 2. Nf3 Nf6 3. c4 c6 4. cxd5 cxd5 5. Nc3 Nc6 6. Bf4 Bf5 7. e3 e6 8. Qb3 Qb6 9. Bb5 Nd7 {D14: Slav Defence: Exchange variation with ...Bf5.} 10. O-O a6 11. Bxc6 bxc6 12. Qxb6 Nxb6 {[#]} 13. Rac1 $146 ({Predecessor:} 13. Bc7 Nd7 14. Na4 {½-½ (14) Desmarais,C (2144)-Inskeep,B Budapest 2006}) 13... Rc8 14. Nh4 Bg6 (14... Be4 $15) 15. Nxg6 $11 hxg6 16. b3 c5 17. dxc5 Bxc5 18. Ne2 Ba3 19. Rc7 Rxc7 20. Bxc7 Nc8 21. Nd4 Bd6 (21... Kd7 $15 22. Ba5 Ne7) 22. Bxd6 Nxd6 {Accuracy: White = 71%, Black = 60%.} 1/2-1/2

[Event "UZB-ch Women 2020"]
[Site "Tashkent"]
[Date "2020.03.14"]
[Round "1.2"]
[White "Omonova, Umida"]
[Black "Gevorgyan, Irina"]
[Result "1/2-1/2"]
[WhiteElo "1852"]
[BlackElo "2245"]
[Annotator "TA"]
[PlyCount "34"]
[EventDate "2020.03.11"]
[EventType "tourn"]
[EventCountry "UZB"]
[SourceTitle "playchess.com"]
[Source "ChessBase"]
[SourceQuality "1"]

{[%evp 22,34,5,-22,-9,-26,-2,-29,-26,-35,43,-43,0,0,10]} 1. e4 c5 2. Nf3 e6 3. d4 cxd4 4. Nxd4 Nc6 5. Nc3 d6 6. Be2 Nf6 7. O-O Be7 8. Be3 O-O 9. f4 e5 10. Nb3 exf4 11. Bxf4 Be6 12. Bf3 Ne5 {B83: Sicilian Scheveningen: 6 Be2, lines without ...a6.} 13. Qd4 {[#]} Qc7 $146 ({Predecessor:} 13... Nfd7 14. Rad1 Bg5 15. Bxg5 Qxg5 16. Nd2 Nf6 17. Nd5 Bxd5 18. exd5 Rfe8 19. c4 b6 20. b4 {0-1 (36) Petreski,L (1644)-Oglaza,O (2367) Bratislava 2019}) 14. Rac1 Rfe8 15. Be2 Qb6 (15... Bd8 $15) 16. Rfd1 (16. Qxb6 $14 axb6 17. Rcd1) 16... Qxd4+ 17. Nxd4 a6 {An uneventful encounter.} 1/2-1/2

[Event "UZB-ch Women 2020"]
[Site "Tashkent"]
[Date "2020.03.14"]
[Round "1.3"]
[White "Abdusattorova, Bakhora"]
[Black "Khegay, Yuliya"]
[Result "1/2-1/2"]
[WhiteElo "2094"]
[BlackElo "1798"]
[Annotator "TA"]
[PlyCount "124"]
[EventDate "2020.03.11"]
[EventType "tourn"]
[EventCountry "UZB"]
[SourceTitle "playchess.com"]
[Source "ChessBase"]
[SourceQuality "1"]

{[%evp 9,124,2,9,9,31,14,49,35,51,38,53,23,23,20,29,9,31,29,25,28,42,42,42,40,49,43,57,56,43,35,72,20,19,25,112,40,98,5,19,-1,36,-41,-35,-79,-65,-102,0,-67,-71,-138,-145,-161,-116,-124,-92,-150,-50,-53,-53,-69,-70,-132,-123,-132,-132,-132,-119,-158,-129,-202,-200,-236,-199,-203,-185,-184,-190,-187,-80,-80,-80,-80,0,-8,-16,-80,0,0,0,0,0,0,0,-80,-80,-152,0,0,0,0,0,0,0,0,0,0,0,0,0,0,0,0,0,0,0,0,0]} 1. d4 d5 2. Nf3 Nf6 3. e3 e6 4. Bd3 c5 5. b3 Be7 6. Bb2 {D05: Colle System with ...e6.} Nc6 7. Nbd2 Bd7 8. a3 {White is slightly better.} Rc8 9. O-O O-O 10. Ne5 Nxe5 11. dxe5 Ne8 $1 12. f4 g6 {[#]} 13. c4 $146 ({Predecessor:} 13. Qe2 Ng7 14. Rad1 f5 15. exf6 Bxf6 16. Bxf6 Rxf6 17. Nf3 Bc6 18. Ne5 Qa5 19. g4 {1-0 (31) Khomeriki,N (2308)-Nikolajeva,M (1673) Riga 2017}) 13... Bc6 14. Qe2 f5 15. exf6 Bxf6 16. Nf3 Bxb2 17. Qxb2 Qf6 18. Ne5 Nd6 19. Qc2 Nf7 20. Ng4 (20. cxd5 $16 exd5 21. Nxf7 (21. Qxc5 Nxe5 22. fxe5 Qxe5 $11) 21... Rxf7 22. f5 (22. Qxc5 b6 $14)) 20... Qg7 $11 21. Rad1 Nh6 (21... b6 $11) 22. Ne5 (22. Nxh6+ $16 Qxh6 23. cxd5 Bxd5 24. e4) 22... Nf7 (22... b6 $14) 23. Nf3 ({Much worse is} 23. Nxc6 $6 bxc6 24. Kh1 Nh6 $11) (23. cxd5 $16 Bxd5 24. Ng4) 23... b6 24. h4 Rcd8 25. e4 (25. b4 $14) 25... d4 $15 26. Qe2 Rde8 27. Nh2 Nh6 (27... e5 $1 $17 28. f5 Nd6 29. fxg6 Qxg6) 28. e5 ({White should play} 28. g4 $1 $11) 28... Nf5 29. Bxf5 (29. Ng4 $142) 29... gxf5 $17 ({Much less strong is} 29... exf5 30. Nf3 $15) 30. Nf3 h6 31. Ne1 Qg3 32. Qh5 (32. Rd3 $142 Qg7 33. Kh2) 32... Qg4 (32... Be4 $17 {aiming for ...Kg7.} 33. Qxh6 Rf7 34. Qg5+ {[%mdl 64] Double Attack} Rg7 35. Qxg3 Rxg3) 33. Qxg4+ $15 fxg4 34. Kh2 Be4 35. Kg3 ({Better is} 35. Nd3 $15) 35... h5 $17 36. Nd3 Bxd3 37. Rxd3 {[%mdl 4096] Endgame KRR-KRR} Kg7 38. b4 Rb8 39. Rb1 (39. f5 $17) 39... Kg6 $1 $19 40. Rdb3 {intending bxc5.} cxb4 41. axb4 Rbc8 42. Rc1 Kf5 43. c5 bxc5 (43... Rfd8 $19 {and Black stays clearly on top.} 44. c6 b5) 44. bxc5 $17 Rf7 45. Rc4 Rfc7 (45... Ke4 $17) 46. Rxd4 $11 Rxc5 47. Rb7 {[#]} (47. Kh2 $1 $11 {remains equal.}) 47... Rc3+ (47... R5c7 $1 $17 {[%cal Rc7b7]} 48. Rbb4 a5) 48. Kh2 $1 R8c7 49. Rb8 Rc8 50. Rb7 {Rg7 would kill now.} R8c7 51. Rbb4 {[#]} (51. Rb8 $11 Rc8 52. Rb7) 51... a5 $1 $17 {[%cal Ra5b4]} 52. Ra4 (52. Rb8 $142 Rc8 53. Rb7) 52... R7c5 $2 ({Black should try} 52... Re3 $17 {( -> ...Rc1)} 53. Ra1 Rc2) 53. Rd8 $11 {The position is equal.} R3c4 54. Rf8+ Ke4 55. Ra1 Rc1 56. Ra3 R1c3 57. Ra4+ R3c4 58. Ra2 Rc2 59. Ra1 Rc1 60. Ra3 R1c3 61. Ra4+ R3c4 62. Ra1 Rc1 {White happily takes the draw. Accuracy: White = 62%, Black = 67%.} 1/2-1/2

[Event "UZB-ch Women 2020"]
[Site "Tashkent"]
[Date "2020.03.14"]
[Round "1.4"]
[White "Yakubbaeva, Nilufar"]
[Black "Saparova, Sitora"]
[Result "1-0"]
[WhiteElo "2265"]
[BlackElo "1972"]
[Annotator "TA"]
[PlyCount "121"]
[EventDate "2020.03.11"]
[EventType "tourn"]
[EventCountry "UZB"]
[SourceTitle "playchess.com"]
[Source "ChessBase"]
[SourceQuality "1"]

{[%evp 13,121,42,31,-17,151,151,163,144,180,159,215,218,230,197,222,221,238,238,226,226,221,211,239,208,216,208,231,221,227,227,230,230,257,256,252,237,237,216,216,214,203,205,254,181,253,215,241,223,215,225,264,263,370,368,692,696,812,792,804,790,752,745,801,743,685,612,571,543,533,479,444,196,577,569,756,463,419,320,321,181,325,55,58,0,340,344,354,359,358,357,346,331,1326,1316,1289,1287,1225,1190,1239,1081,1256,854,1877,1830,10181,10541,5381,12147,4598,4627]} 1. e4 g6 2. d4 Bg7 3. Nc3 d6 4. Be3 Nf6 5. Nf3 O-O 6. h3 c6 {6...a6 is the modern continuation.} 7. a4 Nbd7 8. Bc4 {[#] B08: Pirc Defence: Classical System.} b5 $146 (8... Nxe4 $11 9. Nxe4 d5 {[%mdl 64] Double Attack}) ({Predecessor:} 8... d5 9. exd5 Nb6 10. Bb3 Nbxd5 11. Nxd5 Nxd5 12. Bg5 h6 13. Bh4 Bf5 14. O-O g5 15. Bg3 e6 {1-0 (36) Das,S (2442)-Ziegler,A (2330) Stockholm 2018}) 9. axb5 $16 cxb5 10. Bxb5 {White is clearly better.} Qb6 {intending ...Nxe4.} 11. Qd3 Rb8 (11... e6 $16 {keeps fighting.} 12. O-O a6) 12. O-O $18 Qc7 13. Bc4 a6 14. Rfb1 ({Resist} 14. Bxa6 $6 Bxa6 15. Rxa6 Rxb2) 14... e6 15. Bxa6 Bxa6 16. Rxa6 Rfc8 17. g3 Qb7 {...Rxc3 is the strong threat.} 18. Ra3 ({But not} 18. Rxd6 $6 Bf8 $16) 18... d5 {[%cal Rd5e4]} 19. Nd2 Nb6 20. Rb3 Qc6 21. Bf4 Ra8 22. Qb5 Nc4 23. Qxc6 Rxc6 24. Nxc4 Rxc4 25. e5 Nh5 26. Be3 f6 27. exf6 Nxf6 28. Kf1 Nd7 (28... Ne8 $142 29. Re1 Nd6) 29. Rd1 Nb8 30. Rd2 Nc6 31. Ne2 Ra1+ 32. Kg2 Re1 (32... Rb4 $142 33. Rxb4 Nxb4) 33. Rb6 e5 $2 (33... Nd8 34. Rb8 Bf6) 34. b3 {[%cal Bb2b3,Bb3c4][%mdl 32]} exd4 35. bxc4 dxe3 36. fxe3 Ne5 37. Rb8+ Kf7 38. Kf2 Rh1 39. Rxd5 Rh2+ 40. Kf1 Nxc4 41. Rb7+ Kf6 42. Rc5 (42. Rd3 $142 Bh6 43. Nf4) 42... Nxe3+ $2 (42... Nd2+ 43. Ke1 Nf3+ 44. Kd1 Rh1+ 45. Ng1 Ne5) 43. Ke1 Bh6 {If Black can now play ...Ng2+ this consolidates a bit.} 44. Rc6+ Ke5 45. Rb5+ Ke4 46. Re6+ Kf3 {[%csl Gf3][%cal Rh2e2] [#]} 47. Rf6+ $2 (47. Nd4+ $1 $18 Kxg3 48. Rb3) 47... Ke4 $14 48. Re6+ $2 {[%mdl 8192]} (48. Nc3+ $1 $14 Kd4 49. Rc6 Nxc2+ 50. Kf1 Ne3+ 51. Kg1) 48... Kf3 $18 {[%csl Gf3][%cal Rh2e2] [#]} 49. Nd4+ $1 Kxg3 {Black wants to play ...Ng2+.} 50. Rb3 Rh1+ 51. Ke2 Rh2+ 52. Kd3 Ng2 $2 (52... Kf2 53. Rf6+ Kg2) 53. Ke4+ {White is clearly winning.} Ne3 54. Rxe3+ Bxe3 55. Kxe3 Rxh3 {[%mdl 4096] Endgame KRN-KR} 56. c4 Kg4+ 57. Ke4 Rc3 58. Kd5 Kg5 59. c5 h5 60. c6 (60. Re2 $142 h4 61. c6) 60... h4 61. Re2 {Accuracy: White = 77%, Black = 36%.} 1-0

[Event "UZB-ch Women 2020"]
[Site "Tashkent"]
[Date "2020.03.14"]
[Round "1.5"]
[White "Narzikulova, Gulhae"]
[Black "Khamdamova, Afruza"]
[Result "1/2-1/2"]
[WhiteElo "1837"]
[BlackElo "1809"]
[Annotator "NA RC"]
[PlyCount "65"]
[EventDate "2020.03.11"]
[EventType "tourn"]
[EventCountry "UZB"]
[SourceTitle "playchess.com"]
[Source "ChessBase"]
[SourceQuality "1"]
[TimeControl "5400+30"]

1. d4 {[%emt 0:00:00]} Nf6 {[%emt 0:00:00]} 2. Nf3 {[%emt 0:00:00]} d5 {[%emt 0:00:00]} 3. e3 {[%emt 0:00:04]} e6 {[%emt 0:00:04]} 4. Bd3 {[%emt 0:00:15]} Bd6 {[%emt 0:00:11]} 5. Nbd2 {[%emt 0:00:28]} c5 {[%emt 0:00:16]} 6. c3 {[%emt 0:01:17]} O-O {[%emt 0:01:16]} 7. O-O {[%emt 0:00:08]} Nc6 {[%emt 0:00:35]} 8. dxc5 {[%emt 0:06:15]} Bxc5 {[%emt 0:00:14]} 9. b4 {[%emt 0:00:03]} Bd6 {[%emt 0:00:50]} 10. Bb2 {[%emt 0:00:00]} e5 {[%emt 0:19:12]} 11. e4 {[%emt 0:00:55]} dxe4 {[%emt 0:18:50]} 12. Nxe4 {[%emt 0:00:08]} Nxe4 {[%emt 0:06:31]} 13. Bxe4 {[%emt 0:00:06]} Be6 {[%emt 0:02:38]} 14. Re1 {[%emt 0:02:38]} f6 {[%emt 0:08:13]} 15. Qd3 {[%emt 0:10:17]} f5 {[%emt 0:19:58]} 16. Bxc6 {[%emt 0:00:30]} bxc6 {[%emt 0:00:09]} 17. Rad1 {[%emt 0:17:08]} Bc7 {[%emt 0:02:25]} 18. Qe2 {[%emt 0:08:37]} Qf6 {[%emt 0:01:31]} 19. Nxe5 {[%emt 0:01:32]} Bxe5 {[%emt 0:03:12]} 20. Qxe5 {[%emt 0:00:06]} Bxa2 {[%emt 0:01:41]} 21. Qxf6 {[%emt 0:11:13]} Rxf6 {[%emt 0:01:58]} 22. c4 {[%emt 0:01:56]} Rf7 {[%emt 0:01:26]} 23. Rd4 {[%emt 0:01:58]} h6 {[%emt 0:03:27]} 24. Ra1 {[%emt 0:11:56]} Bb3 {[%emt 0:01:19]} 25. Ra3 {[%emt 0:01:09]} c5 {[%emt 0:01:15]} 26. bxc5 {[%emt 0:01:06]} Rb8 {[%emt 0:00:19]} 27. Bc1 {[%emt 0:05:25]} Re7 {[%emt 0:00:56]} 28. Be3 {[%emt 0:02:48]} Bxc4 {[%emt 0:01:23]} 29. h4 {[%emt 0:01:38]} Bb5 {[%emt 0:00:52]} 30. Rd6 {[%emt 0:01:34]} Rc8 {[%emt 0:00:27]} 31. Rc3 {[%emt 0:02:20]} Bc6 {[%emt 0:00:13]} 32. Kh2 {[%emt 0:01:31]} Kf7 {[%emt 0:00:59]} 33. Rb3 {[%emt 0:01:05]} 1/2-1/2

[Event "UZB-ch Women 2020"]
[Site "Tashkent"]
[Date "2020.03.14"]
[Round "2.1"]
[White "Khamdamova, Afruza"]
[Black "Kurbonboeva, Sarvinoz"]
[Result "0-1"]
[WhiteElo "1809"]
[BlackElo "2234"]
[Annotator "TA"]
[PlyCount "78"]
[EventDate "2020.03.11"]
[EventType "tourn"]
[EventCountry "UZB"]
[SourceTitle "playchess.com"]
[Source "ChessBase"]
[SourceQuality "1"]

{[%evp 17,78,9,39,3,0,-10,-6,-13,-8,-18,-16,-18,0,3,16,-4,-4,-14,24,19,29,14,26,-11,27,21,31,23,23,17,18,14,20,-71,-70,-85,-36,-74,-66,-81,-84,-102,-93,-114,-114,-119,-114,-114,-121,-139,-129,-201,-154,-162,-162,-168,-148,-208,-194,-184,-176,-206,-150]} 1. e4 d6 2. d4 Nf6 3. Nc3 c6 4. Nf3 Bg4 5. Be2 e6 6. O-O Be7 7. h3 Bh5 8. Be3 d5 9. exd5 cxd5 10. Ne5 {B07: Pirc Defence: Miscellaneous Systems.} Bxe2 11. Qxe2 O-O 12. f4 {[#] The position is equal.} Nbd7 $146 ({Predecessor:} 12... Qb6 13. Rab1 Nc6 14. Kh2 Rac8 15. g4 Bd6 16. g5 Bxe5 17. dxe5 d4 18. gxf6 dxe3 {0-1 (25) Peters,S (1963)-Szobries,H (1862) Bielefeld 2007}) 13. Rf3 Bb4 14. Nd1 Qe7 15. Nf2 Bd6 16. Rf1 Rac8 17. c3 a6 18. Bd2 Rfe8 19. Qd3 Qd8 20. Be1 Qc7 21. g4 Nf8 22. h4 N6d7 23. g5 f6 $1 {[%cal Rf6e5]} 24. Nxd7 Nxd7 25. gxf6 (25. Qd2 $11 {keeps the balance.}) 25... Nxf6 $17 26. Nh3 h6 27. Kh1 Qf7 $36 {[%mdl 2048] White is under pressure.} 28. Rg1 Qh5 29. Qe2 Ne4 30. Qg2 {[%csl Gg1][%cal Rg2g7] [#]} Rc7 31. Qg4 Qxg4 32. Rxg4 Rf7 33. Rg1 Ref8 34. Rgf1 (34. Bg3 $17) 34... Rf5 {Black is clearly better.} 35. Kg2 b5 36. b3 Bc7 37. c4 (37. Nf2 $17 {is a better defense.}) 37... bxc4 $19 38. bxc4 dxc4 39. Re3 Nd6 {Accuracy: White = 76%, Black = 89%.} 0-1

[Event "UZB-ch Women 2020"]
[Site "Tashkent"]
[Date "2020.03.14"]
[Round "2.2"]
[White "Gevorgyan, Irina"]
[Black "Baymuratova, Sevara"]
[Result "1/2-1/2"]
[WhiteElo "2245"]
[BlackElo "2153"]
[Annotator "TA"]
[PlyCount "39"]
[EventDate "2020.03.11"]
[EventType "tourn"]
[EventCountry "UZB"]
[SourceTitle "playchess.com"]
[Source "ChessBase"]
[SourceQuality "1"]

{[%evp 21,39,64,106,28,21,9,37,-14,0,0,0,-2,15,-10,-14,-9,0,0,0,-12]} 1. d4 d5 2. c4 c6 3. Nf3 Nf6 4. e3 e6 5. Nbd2 Nbd7 6. Bd3 Bd6 7. O-O O-O 8. e4 dxe4 9. Nxe4 Nxe4 10. Bxe4 Nf6 11. Bc2 b6 {[#]} 12. Be3 $146 {D46: Semi-Slav: 5 e3 Nbd7 6 Bd3, Black avoids the Meran.} (12. Bg5 $16) ({Predecessor:} 12. Qd3 h6 13. Rd1 Bb7 14. Ne5 c5 15. Ng4 Ne4 16. dxc5 Bxc5 17. Qe2 Qe7 18. Bxe4 Bxe4 19. Qxe4 f5 20. Nxh6+ gxh6 {1-0 (38) Ding,L (2757)-Liu,Q (2523) Xinghua 2015}) 12... Bb7 $11 13. Qe2 Qc7 14. Rad1 (14. Bg5 $14) 14... c5 {The position is equal.} 15. dxc5 Bxc5 16. Bxc5 Qxc5 17. Nd2 Rad8 18. Ne4 Nxe4 19. Bxe4 Bxe4 20. Qxe4 {White got outplayed after the opening} 1/2-1/2

[Event "UZB-ch Women 2020"]
[Site "Tashkent"]
[Date "2020.03.14"]
[Round "2.3"]
[White "Khegay, Yuliya"]
[Black "Omonova, Umida"]
[Result "0-1"]
[WhiteElo "1798"]
[BlackElo "1852"]
[Annotator "NA RC"]
[PlyCount "96"]
[EventDate "2020.03.11"]
[EventType "tourn"]
[EventCountry "UZB"]
[SourceTitle "playchess.com"]
[Source "ChessBase"]
[SourceQuality "1"]
[TimeControl "5400+30"]

1. e4 {[%emt 0:00:00]} c5 {[%emt 0:00:32]} 2. Nf3 {[%emt 0:00:00]} Nc6 {[%emt 0:00:20]} 3. d4 {[%emt 0:03:08]} cxd4 {[%emt 0:00:25]} 4. Nxd4 {[%emt 0:00:05]} g6 {[%emt 0:01:03]} 5. c4 {[%emt 0:00:53]} Nf6 {[%emt 0:00:32]} 6. Nc3 {[%emt 0:00:07]} d6 {[%emt 0:00:29]} 7. f3 {[%emt 0:00:54]} Nxd4 {[%emt 0:01:09]} 8. Qxd4 {[%emt 0:00:07]} Bg7 {[%emt 0:00:18]} 9. Be3 {[%emt 0:00:53]} O-O {[%emt 0:00:25]} 10. Qd2 {[%emt 0:00:06]} a5 {[%emt 0:01:11]} 11. b3 {[%emt 0:03:09]} a4 {[%emt 0:01:12]} 12. b4 {[%emt 0:01:25]} Be6 {[%emt 0:02:05]} 13. Rc1 {[%emt 0:01:50]} Qd7 {[%emt 0:03:17]} 14. Be2 {[%emt 0:17:07]} Rfc8 {[%emt 0:04:16]} 15. Nb5 {[%emt 0:04:03]} a3 {[%emt 0:11:54]} 16. O-O {[%emt 0:03:25]} Ne8 {[%emt 0:01:52]} 17. Nd4 {[%emt 0:05:56]} Nc7 {[%emt 0:06:06]} 18. Rfd1 {[%emt 0:04:08]} Na6 {[%emt 0:02:34]} 19. c5 {[%emt 0:24:48]} dxc5 {[%emt 0:07:15]} 20. Bb5 {[%emt 0:00:50]} Qd6 {[%emt 0:16:09]} 21. Nxe6 {[%emt 0:00:57]} fxe6 {[%emt 0:00:03]} 22. Qxd6 {[%emt 0:07:24]} exd6 {[%emt 0:00:02]} 23. Bd7 {[%emt 0:00:10]} Rd8 {[%emt 0:05:38]} 24. Bxe6+ {[%emt 0:00:11]} Kh8 {[%emt 0:00:02]} 25. Bg5 {[%emt 0:06:34]} Re8 {[%emt 0:03:17]} 26. Bb3 {[%emt 0:06:27]} Nxb4 {[%emt 0:03:38]} 27. Rxd6 {[%emt 0:00:43]} Rac8 {[%emt 0:00:07]} 28. Be3 {[%emt 0:04:49]} Na6 {[%emt 0:01:57]} 29. Kf1 {[%emt 0:02:04]} Be5 {[%emt 0:04:18]} 30. Rb6 {[%emt 0:02:01]} Rc7 {[%emt 0:00:22]} 31. Ke2 {[%emt 0:00:21]} Rd8 {[%emt 0:01:54]} 32. Rc4 {[%emt 0:00:51]} Rcd7 {[%emt 0:02:33]} 33. Rc2 {[%emt 0:00:31]} Kg7 {[%emt 0:01:29]} 34. Bg5 {[%emt 0:00:21]} Rf8 {[%emt 0:00:32]} 35. Be6 {[%emt 0:00:34]} Rc7 {[%emt 0:00:42]} 36. Bc4 {[%emt 0:00:31]} Nb4 {[%emt 0:00:28]} 37. Rd2 {[%emt 0:00:29]} Bxh2 {[%emt 0:00:44]} 38. Rd1 {[%emt 0:00:27]} h5 {[%emt 0:01:40]} 39. Bd8 {[%emt 0:00:29]} Rc8 {[%emt 0:02:33]} 40. Rxb7+ {[%emt 0:00:03]} Kh6 {[%emt 0:00:07]} 41. Be7 {[%emt 0:00:19]} Rfe8 {[%emt 0:00:48]} 42. Bf7 {[%emt 0:01:13]} Rxe7 {[%emt 0:00:58]} 43. Rxe7 {[%emt 0:00:01]} c4 {[%emt 0:00:01]} 44. Rc1 {[%emt 0:00:54]} c3 {[%emt 0:00:13]} 45. Bb3 {[%emt 0:00:40]} Bf4 {[%emt 0:00:20]} 46. Rc2 {[%emt 0:00:29]} Nxc2 {[%emt 0:00:06]} 47. Bxc2 {[%emt 0:00:01]} Rd8 {[%emt 0:00:02]} 48. Bb3 {[%emt 0:00:58]} c2 {[%emt 0:00:08]} 0-1

[Event "UZB-ch Women 2020"]
[Site "Tashkent"]
[Date "2020.03.14"]
[Round "2.4"]
[White "Saparova, Sitora"]
[Black "Abdusattorova, Bakhora"]
[Result "1/2-1/2"]
[WhiteElo "1972"]
[BlackElo "2094"]
[Annotator "TA"]
[PlyCount "146"]
[EventDate "2020.03.11"]
[EventType "tourn"]
[EventCountry "UZB"]
[SourceTitle "playchess.com"]
[Source "ChessBase"]
[SourceQuality "1"]

{[%evp 18,146,5,10,10,10,10,10,10,5,9,0,14,7,23,0,6,0,10,0,19,13,19,18,24,17,35,34,47,15,33,24,20,15,12,8,19,0,0,-16,-26,-21,0,0,0,0,0,0,0,-20,-12,-12,0,-5,0,0,0,-8,-8,-8,-8,-8,-8,-9,-8,-57,-57,-127,18,15,31,0,0,0,47,47,54,30,47,30,31,26,23,23,32,32,5420,5420,5420,5420,5420,5420,5420,5420,5420,5420,5413,5413,5413,5413,5406,5398,5398,5398,5375,5375,5375,5360,5327,5327,5312,5305,5298,5298,5291,5269,5269,5111,5111,5111,4786,4266,4259,300,300,300,300,8,8,8,8]} 1. Nf3 d5 2. g3 Nf6 3. Bg2 Bg4 4. d4 e6 5. O-O Bd6 6. c4 Nbd7 7. Qb3 Rb8 8. Nc3 c6 9. e4 Nxe4 10. Nxe4 dxe4 {D02: 1 d4 d5 2 Nf3 sidelines, including 2...Nf6 3 g3 and 2...Nf6 3 Bf4.} 11. Ng5 Nf6 12. Nxe4 Nxe4 13. Bxe4 O-O 14. Bg2 {[#]} Qd7 $146 ({Predecessor:} 14... Qa5 15. c5 Bc7 16. Be3 Be2 17. Rfe1 Qb5 18. Qa3 a5 19. b3 Bd3 20. Qb2 a4 {½-½ (57) Tischbierek,R (2544)-Jussupow,A (2636) Germany 2000}) 15. Be3 b5 16. cxb5 cxb5 17. Rfc1 Rfc8 18. Bf1 h5 19. Rxc8+ Qxc8 20. Rc1 Qd7 21. Bg2 b4 22. Qc4 Bf5 23. Bf3 h4 24. g4 Bg6 25. h3 Qe7 26. Qa6 e5 27. Rc6 Rd8 28. Qc4 exd4 29. Bxd4 Qe1+ 30. Kg2 Be4 {[#] aiming for ...Bxf3+.} 31. Rc8 $1 {[%cal Rc8d8]} ({Don't blunder} 31. Bxe4 $2 Qxe4+ 32. f3 Qf4 $19) 31... Rxc8 32. Qxc8+ Kh7 {Hoping for ...Bd3.} 33. Be3 Bd3 {[%csl Gd3][%cal Re1f1]} 34. Qc1 Qxc1 35. Bxc1 $11 {[%mdl 4096] Endgame KBB-KBB} Be5 36. Bd5 f5 37. Bg5 fxg4 38. hxg4 Bxb2 39. Bxh4 a5 {[%cal Ba7a5,Ba5a4][%mdl 32]} 40. Be7 Bc3 41. Kf3 a4 $1 42. Ke3 {[#]} ({White should try} 42. Bd8 $1 $15) 42... Bb5 (42... Bc2 $1 $17 {Strongly threatening ...b3.} 43. Bc4 a3) 43. f4 Bd7 44. Be4+ Kg8 45. Bd5+ Kh8 46. f5 Kh7 47. Bf7 Bb5 48. g5 Bd7 $1 {[%cal Rd7f5]} 49. f6 gxf6 50. gxf6 {Black must now prevent Bc4.} Bf5 51. Bc4 {Threatens to win with f7.} Bb1 $2 {[%mdl 8192]} (51... b3 $14 52. f7 (52. axb3 Bxf6 53. Bxf6 axb3 $11) 52... Bg7 53. axb3 axb3) 52. f7 $18 Bg7 53. Bxb4 Bh6+ 54. Kf3 Kg6 55. a3 Kf5 56. f8=Q+ Bxf8 57. Bxf8 Ke5 58. Ke3 Bc2 59. Kd2 Bb3 60. Bb5 Kd4 61. Bd7 Kd5 62. Kc3 Bd1 63. Kb4 Bc2 64. Kb5 Bd1 65. Bc6+ Ke6 66. Bc5 Bb3 67. Kb4 Bd1 68. Ka5 Bb3 69. Kb5 Bd5 70. Bxd5+ $2 (70. Be8 Bb3 71. Bf8) 70... Kxd5 71. Bb4 Ke6 72. Kxa4 $2 ({White should play} 72. Kc6 $18) 72... Kd7 $1 $11 73. Ka5 {White threatens Kb6 and mate.} Kc8 {Accuracy: White = 79%, Black = 88%.} 1/2-1/2

[Event "UZB-ch Women 2020"]
[Site "Tashkent"]
[Date "2020.03.14"]
[Round "2.5"]
[White "Narzikulova, Gulhae"]
[Black "Yakubbaeva, Nilufar"]
[Result "1/2-1/2"]
[WhiteElo "1837"]
[BlackElo "2265"]
[Annotator "TA"]
[PlyCount "66"]
[EventDate "2020.03.11"]
[EventType "tourn"]
[EventCountry "UZB"]
[SourceTitle "playchess.com"]
[Source "ChessBase"]
[SourceQuality "1"]

{[%evp 23,66,18,37,0,0,0,0,0,0,0,0,0,0,0,0,0,0,0,0,-12,0,0,0,0,16,0,0,0,0,0,0,0,0,0,0,0,7,7,17,18,25,25,70,0,0]} 1. d4 Nf6 2. Nf3 e6 3. e3 b6 4. Bd3 Bb7 5. Nbd2 c5 6. O-O d5 7. b3 Be7 8. Bb2 Nc6 9. Ne5 O-O 10. a3 Rc8 11. Qe2 Nxe5 12. dxe5 Ne4 {[#]} 13. Nxe4 $146 {D05: Colle System with ...e6.} (13. Bxe4 $5 dxe4 14. Rfd1 $11) ({Predecessor:} 13. Rad1 Nxd2 14. Rxd2 Qc7 15. c4 dxc4 16. bxc4 Rcd8 17. Rfd1 Bc6 18. f4 g6 19. e4 Rd7 20. Rf1 Rfd8 {1-0 (49) Gelashvili,T (2605)-Nyzhnyk,I (2486) Benidorm 2009}) 13... dxe4 14. Bc4 Qc7 15. Rfd1 Rfd8 16. Rxd8+ Rxd8 17. Rd1 g6 18. Rd2 Bc6 {White should prevent ...b5!} 19. a4 h5 20. Qd1 Kg7 21. Rxd8 Bxd8 22. Bb5 Bxb5 23. axb5 Qe7 (23... c4 {keeps more tension.} 24. bxc4 Qxc4 25. Qxd8 Qxc2 26. Qf6+ Kg8) 24. h3 Bc7 25. Qd2 Qd8 26. Qxd8 Bxd8 $11 {[%mdl 4096] Endgame KB-KB} 27. f4 exf3 28. gxf3 Bh4 29. Kg2 g5 30. Bc3 Kg6 31. e4 Kh6 32. Bd2 Kg6 33. Bc3 (33. c4 $14) 33... Kh6 {Accuracy: White = 89%, Black = 100%.} 1/2-1/2